| 000 -LEADER |
| fixed length control field |
00600nam a22002057a 4500 |
| 008 - FIXED-LENGTH DATA ELEMENTS--GENERAL INFORMATION |
| fixed length control field |
151012b xxu||||| |||| 00| 0 eng d |
| 020 ## - INTERNATIONAL STANDARD BOOK NUMBER |
| International Standard Book Number |
0735552568 |
| 020 ## - INTERNATIONAL STANDARD BOOK NUMBER |
| International Standard Book Number |
0735552576 ( teacher's manual) |
| 041 0# - LANGUAGE CODE |
| Language code of text/sound track or separate title |
eng |
| 080 ## - UNIVERSAL DECIMAL CLASSIFICATION NUMBER |
| Universal Decimal Classification number |
347.13 |
| 100 1# - Rafti |
| Rafti |
Gillers, Stephen, |
| 245 10 - TITLE STATEMENT |
| Title |
Regulation of lawyers : |
| Statement of responsibility, etc |
Stephen Gillers. |
| 250 ## - |
| -- |
7th ed. |
| 260 ## - |
| -- |
New York, NY : |
| -- |
Aspen Publishers, |
| -- |
2005. |
| 300 ## - |
| -- |
xxix, 864 f. ; |
| -- |
26 cm. + |
| -- |
teacher's manual. |
| 650 #0 - |
| -- |
Etika ligjore |
| 650 #0 - |
| -- |
Praktika ligjore |
| 650 #0 - |
| -- |
Juristët |
| 942 ## - ADDED ENTRY ELEMENTS (KOHA) |
| Source of classification or shelving scheme |
|
| Item type |
Books |